| 000 | 00853cam a2200229 4500 | ||
|---|---|---|---|
| 001 | ABS62620 | ||
| 008 | 000000n2000 000 0 eng u | ||
| 035 | _a(Sirsi) u107282 | ||
| 100 | _aSmith, K. | ||
| 245 | _aUnwritten rules | ||
| 260 | _c2000 | ||
| 490 |
_aProperty Week _v65(27) 14 July 2000, 44-53(5) |
||
| 520 | _aReports on the Electronic Communications Act 2000 and considers the implications for the property industry, focusing on electronic conveyancing. Case study of DTZ Debenham Tie Leung and the impact of IT on their work. | ||
| 590 | _aABS | ||
| 650 | _aELECTRONIC COMMUNICATIONS ACT 2000 | ||
| 650 | _aCONVEYANCING | ||
| 650 | _aECONVEYANCING | ||
| 650 | _aNATIONAL LAND INFORMATION SERVICE | ||
| 650 | _aNATIONAL LAND INFORMATION SERVICE | ||
| 690 | _aMANAGEMENT-BUSINESS MANAGEMENT-INFORMATION MANAGEMENT | ||
| 942 | _n0 | ||
| 999 |
_c64143 _d64143 |
||